Oedipus Rex / (Record no. 296241)
[ view plain ]
| 000 -LEADER | |
|---|---|
| fixed length control field | 00538cgm a22002055a 4500 |
| 001 - CONTROL NUMBER | |
| control field | 12119556 |
| 003 - CONTROL NUMBER IDENTIFIER | |
| control field | SISC |
| 005 - DATE AND TIME OF LATEST TRANSACTION | |
| control field | 20160711144525.0 |
| 007 - PHYSICAL DESCRIPTION FIXED FIELD--GENERAL INFORMATION | |
| fixed length control field | v| |||||| |
| 008 - FIXED-LENGTH DATA ELEMENTS--GENERAL INFORMATION | |
| fixed length control field | 000726s1993 xx 060 vlund |
| 010 ## - LIBRARY OF CONGRESS CONTROL NUMBER | |
| LC control number | 00569488 |
| 020 ## - INTERNATIONAL STANDARD BOOK NUMBER | |
| International Standard Book Number | 1417666765 |
| 040 ## - CATALOGING SOURCE | |
| Original cataloging agency | DLC |
| Transcribing agency | DLC |
| Description conventions | amim |
| 050 00 - LIBRARY OF CONGRESS CALL NUMBER | |
| Classification number | PA 4413.07 S66 1991 |
| 245 00 - TITLE STATEMENT | |
| Title | Oedipus Rex / |
| Statement of responsibility, etc | Sophocles. |
| 260 ## - PUBLICATION, DISTRIBUTION, ETC. (IMPRINT) | |
| Place of publication, distribution, etc | New York : |
| Name of publisher, distributor, etc | Dover Publications, |
| Date of publication, distribution, etc | 1991. |
| 300 ## - PHYSICAL DESCRIPTION | |
| Extent | vii, 54 p. ; |
| Dimensions | 21 cm. |
| 906 ## - LOCAL DATA ELEMENT F, LDF (RLIN) | |
| a | 0 |
| b | cbc |
| c | origcop |
| d | u |
| e | ncip |
| f | 20 |
| g | y-movingim |
| 942 ## - ADDED ENTRY ELEMENTS (KOHA) | |
| Source of classification or shelving scheme | Library of Congress Classification |
| Koha item type | Books |
| Withdrawn status | Lost status | Source of classification or shelving scheme | Damaged status | Home library | Current library | Shelving location | Date acquired | Source of acquisition | Sub Shelving location | Total Checkouts | Total Renewals | Full call number | Barcode | Date last seen | Date checked out | Price effective from | Koha item type |
|---|---|---|---|---|---|---|---|---|---|---|---|---|---|---|---|---|---|
| Library of Congress Classification | Luxembourg Library | Luxembourg Library | Classic Section | 07/11/2016 | Library Fund | 5 | 2 | PA 4413.07 S66 1991 | 20259 | 12/02/2019 | 11/04/2019 | 07/11/2016 | Books | ||||
| Library of Congress Classification | Luxembourg Library | Luxembourg Library | International Baccalaureate Section | 07/11/2016 | Library Fund | 1 | PA 4413.07 S66 1991 | 20260 | 01/15/2019 | 01/10/2019 | 07/11/2016 | Books |